| 000 | 01521cam a22003854a 4500 | ||
|---|---|---|---|
| 001 | 14655194 | ||
| 003 | OSt | ||
| 005 | 20230923143535.0 | ||
| 008 | 061204s2006 enka 001 0 eng c | ||
| 010 | _a 2006299774 | ||
| 020 | _a9780521864398 (hbk.) | ||
| 020 | _a0521864399 (hbk.) | ||
| 020 | _a9780521684248 (pbk.) | ||
| 020 | _a0521684242 (pbk.) | ||
| 035 | _a(OCoLC)ocm71165878 | ||
| 035 | _a(OCoLC)71165878 | ||
| 040 |
_aCOO _cCOO _dEQO _dBAKER _dYDXCP _dSUC _dIXA _dDLC |
||
| 042 | _apcc | ||
| 050 | 0 | 0 |
_aQA300 _b.B68 2006 |
| 082 | 0 | 0 |
_a515 _bBRA/F |
| 100 | 1 |
_aBrannan, D. A. _98621 |
|
| 245 | 1 | 2 |
_aA first course in mathematical analysis / _cDavid Alexander Brannan. |
| 246 | 3 | 0 | _aMathematical analysis |
| 260 |
_aCambridge ; _aNew York : _bCambridge University Press : _bOpen University, _c2006. |
||
| 300 |
_axii, 459 p. : _bill. ; _c25 cm. |
||
| 500 | _aIncludes index. | ||
| 650 | 0 | _aMathematical analysis. | |
| 650 | 0 | _aCalculus. | |
| 856 | 4 | 2 |
_3Publisher description _uhttp://www.loc.gov/catdir/enhancements/fy0619/2006299774-d.html |
| 856 | 4 | 1 |
_3Table of contents only _uhttp://www.loc.gov/catdir/enhancements/fy0619/2006299774-t.html |
| 856 | 4 | 2 |
_3Contributor biographical information _uhttp://www.loc.gov/catdir/enhancements/fy0733/2006299774-b.html |
| 906 |
_a7 _bcbc _cpccadap _d2 _encip _f20 _gy-gencatlg |
||
| 942 |
_2ddc _cBK _h515 _iBRA/F _k515 _mBRA/F |
||
| 999 |
_c42323 _d42323 |
||